[Event "Rewal op-A 18th"]
[Site "Rewal"]
[Date "2013.08.29"]
[Round "9"]
[White "Smal, Tobiasz"]
[Black "Knap, Jerzy"]
[Result "1-0"]
[WhiteElo "1928"]
[BlackElo "1732"]
[PlyCount "87"]
[EventDate "2013.08.20"]
[EventType "swiss"]
[EventRounds "9"]
[EventCountry "POL"]
[SourceTitle "CBM 156 Extra"]
[Source "ChessBase"]
[SourceDate "2013.10.22"]
[SourceVersion "1"]
[SourceVersionDate "2013.10.22"]
[SourceQuality "1"]

1. e4 c5 2. Nf3 d6 3. d4 cxd4 4. Qxd4 Nc6 5. Bb5 Bd7 6. Bxc6 Bxc6 7. Nc3 e6 8. Bg5 Nf6 9. 0-0-0 Be7 10. Rhe1 Qa5 11. Qd2 Rd8 12. Nd4 0-0 13. Kb1 Rfe8 14. f4 h6 15. Nxc6 bxc6 16. Bxf6 Bxf6 17. Nd5 Qxd2 18. Nxf6+ gxf6 19. Rxd2 d5 20. Kc1 e5 21. exd5 cxd5 22. Red1 d4 23. c3 Rc8 24. Kc2 dxc3 25. bxc3 Rc7 26. Rd8 Kf8 27. Rxe8+ Kxe8 28. Rd5 Re7 29. Kd3 Re6 30. Ra5 a6 31. Ke4 exf4+ 32. Kxf4 Rc6 33. Ra3 Ke7 34. Ke4 Rd6 35. c4 Ke6 36. g4 h5 37. h3 hxg4 38. hxg4 Rc6 39. Kd4 Kd6 40. c5+ Ke6 41. Rb3 Kd7 42. Kd5 Kc7 43. Re3 Kd7 44. Re7+ 1-0

[Event "Rewal op-A 18th"]
[Site "Rewal"]
[Date "2013.08.20"]
[Round "1"]
[White "Knap, Jerzy"]
[Black "Gosciniak, Maria"]
[Result "0-1"]
[WhiteElo "1732"]
[BlackElo "2098"]
[PlyCount "118"]
[EventDate "2013.08.20"]
[EventType "swiss"]
[EventRounds "9"]
[EventCountry "POL"]
[SourceTitle "CBM 156 Extra"]
[Source "ChessBase"]
[SourceDate "2013.10.22"]
[SourceVersion "1"]
[SourceVersionDate "2013.10.22"]
[SourceQuality "1"]

1. d4 e6 2. c4 Bb4+ 3. Bd2 Qe7 4. Nc3 f5 5. Nf3 Nf6 6. e3 0-0 7. a3 Bxc3 8. Bxc3 d6 9. Be2 b6 10. 0-0 Bb7 11. Rc1 Ne4 12. Qc2 Nd7 13. b4 Nxc3 14. Qxc3 e5 15. d5 Rae8 16. Rfd1 Bc8 17. Qc2 e4 18. Nd4 Ne5 19. Nc6 Nxc6 20. dxc6 f4 21. exf4 Rxf4 22. f3 Qg5 23. fxe4 Bh3 24. Bf1 Rfxe4 25. Qd3 Bf5 26. Qd2 Qh4 27. Qf2 Qg4 28. Re1 Rf8 29. Be2 Qg5 30. Bf3 Rf4 31. Qg3 Qh6 32. Rc3 Kh8 33. Bd5 Bg4 34. Bf3 Qf6 35. Rce3 h6 36. h3 Bxf3 37. Rxf3 Qd4+ 38. Qf2 Qxc4 39. Rxf4 Rxf4 40. Qe3 Kh7 41. Qe8 Qc2 42. Re2 Qc1+ 43. Re1 Qxa3 44. Qd7 Qxb4 45. Re7 Qd4+ 46. Kh2 Rf1 47. Qg4 Qxg4 48. hxg4 Rc1 49. Rxc7 a5 50. Rc8 a4 51. c7 b5 52. Rb8 Rxc7 53. Rxb5 Ra7 54. Rb2 a3 55. Ra2 Kg6 56. Kg3 Ra4 57. Kf3 Kg5 58. g3 d5 59. Ke3 Kxg4 0-1

[Event "Wroclaw op-B 8th"]
[Site "Wroclaw"]
[Date "2013.07.08"]
[Round "8"]
[White "Knap, Jerzy"]
[Black "Bebel, Agnieszka"]
[Result "1-0"]
[WhiteElo "1762"]
[BlackElo "1507"]
[PlyCount "144"]
[EventDate "2013.07.01"]
[EventType "swiss"]
[EventRounds "9"]
[EventCountry "POL"]
[SourceTitle "EXT 2014"]
[Source "ChessBase"]
[SourceDate "2013.11.20"]
[SourceVersion "1"]
[SourceVersionDate "2013.11.20"]
[SourceQuality "1"]

1. d4 d5 2. c4 e6 3. Nc3 Nf6 4. Bg5 Be7 5. e3 b6 6. cxd5 exd5 7. Nf3 Bb7 8. Bb5+ c6 9. Bd3 Nbd7 10. Rc1 Rc8 11. 0-0 0-0 12. Qc2 h6 13. Bh4 Re8 14. Rfe1 Nf8 15. Ne5 Ne6 16. Qe2 Ba8 17. Bf5 Bd6 18. Qa6 Rc7 19. Qe2 Bb7 20. Qf3 b5 21. Ng4 Be7 22. Bxe6 fxe6 23. Nxf6+ Bxf6 24. Bxf6 Qxf6 25. Qxf6 gxf6 26. Nxb5 Rce7 27. Nd6 Rb8 28. Nxb7 Rbxb7 29. Rxc6 Rxb2 30. Ra6 Kf7 31. g3 Rc7 32. a4 Ke7 33. Kg2 Kd7 34. Kf3 Ke7 35. Re2 Rb8 36. Ra2 h5 37. Kg2 Kd7 38. Kh3 Rcb7 39. Rc2 e5 40. Rxf6 exd4 41. exd4 Rb4 42. Rf7+ Kd6 43. Rxa7 Rxd4 44. a5 Ra4 45. a6 Rb6 46. Rh7 Rbxa6 47. Rxh5 d4 48. Rd2 Rc6 49. f4 Rc3 50. Rh8 Kd5 51. Re8 d3 52. f5 Kd4 53. Kg4 Ra1 54. f6 Rf1 55. Kg5 Rc5+ 56. Kg6 Rcf5 57. Rd8+ Ke5 58. R8xd3 Rxf6+ 59. Kg5 R1f5+ 60. Kg4 Rg6+ 61. Kh3 Rh5+ 62. Kg2 Rgh6 63. Rd5+ Ke4 64. Rxh5 Rxh5 65. Rf2 Ke3 66. Rf6 Re5 67. g4 Ke4 68. Kg3 Re7 69. g5 Ke5 70. Kg4 Rh7 71. h4 Rg7 72. h5 Kd4 1-0

[Event "Wroclaw op-B 8th"]
[Site "Wroclaw"]
[Date "2013.07.05"]
[Round "5"]
[White "Knap, Jerzy"]
[Black "Mastalarz, Jozef"]
[Result "1/2-1/2"]
[WhiteElo "1762"]
[BlackElo "1501"]
[PlyCount "84"]
[EventDate "2013.07.01"]
[EventType "swiss"]
[EventRounds "9"]
[EventCountry "POL"]
[SourceTitle "EXT 2014"]
[Source "ChessBase"]
[SourceDate "2013.11.20"]
[SourceVersion "1"]
[SourceVersionDate "2013.11.20"]
[SourceQuality "1"]

1. d4 c5 2. d5 Nf6 3. c4 e6 4. Nc3 exd5 5. cxd5 d6 6. e4 g6 7. Nf3 Bg7 8. Bd3 0-0 9. 0-0 Bg4 10. h3 Bxf3 11. Qxf3 a6 12. a4 Re8 13. Bf4 Qc7 14. Rfe1 c4 15. Bc2 Nbd7 16. Qd1 Nh5 17. Be3 Nc5 18. Bd4 Rab8 19. Bxg7 Nxg7 20. a5 b5 21. axb6 Qxb6 22. Na4 Nxa4 23. Bxa4 Red8 24. Re2 f5 25. Qc2 Qb4 26. Bc6 Rb6 27. Ra4 Qb3 28. Rxc4 Qxc2 29. Rcxc2 Rdb8 30. exf5 Nxf5 31. Re8+ Rxe8 32. Bxe8 Rb8 33. Bd7 Ne7 34. Re2 Kf8 35. Be6 Rb5 36. Rd2 Kg7 37. Kf1 Kf6 38. f4 Rb4 39. g3 Nf5 40. Bxf5 Kxf5 41. Kf2 Ke4 42. Ke2 Rb5 1/2-1/2

[Event "Rewal op-B 17th"]
[Site "Rewal"]
[Date "2012.08.??"]
[Round "8"]
[White "Kalmuk, Krzysztof"]
[Black "Knap, Jerzy"]
[Result "1-0"]
[WhiteElo "1857"]
[BlackElo "1798"]
[PlyCount "85"]
[EventDate "2012.08.20"]
[EventType "swiss"]
[EventRounds "9"]
[EventCountry "POL"]
[SourceTitle "EXT 2014"]
[Source "ChessBase"]
[SourceDate "2013.11.20"]
[SourceVersion "1"]
[SourceVersionDate "2013.11.20"]
[SourceQuality "1"]

1. d4 d5 2. Nf3 Nf6 3. c4 e6 4. Nc3 Be7 5. g3 0-0 6. Bg2 dxc4 7. Ne5 c6 8. 0-0 Nbd7 9. Nxc4 Nb6 10. Na5 Nbd5 11. Nb3 Qc7 12. Bd2 Bd6 13. Rc1 Nxc3 14. Bxc3 Qe7 15. Qd2 Nd5 16. Ba5 b6 17. Bc3 Bb7 18. Rfd1 Rac8 19. Rc2 Rfd8 20. a3 a5 21. Qc1 a4 22. Nd2 Nxc3 23. Rxc3 c5 24. Bxb7 Qxb7 25. Nc4 Be7 26. dxc5 Bxc5 27. Nd6 Bxd6 28. Rxd6 h6 29. Qc2 g6 30. Rxd8+ Rxd8 31. Qxa4 Rd2 32. b4 Rxe2 33. Qd1 Qe4 34. Rc1 Qf3 35. Qd4 e5 36. Qxb6 Qxa3 37. Rc8+ Kg7 38. Qd8 g5 39. Qh8+ Kg6 40. Rc6+ Kf5 41. Qh7+ Kg4 42. h3+ Kf3 43. Qf5# 1-0

[Event "Wroclaw op-B 7th"]
[Site "Wroclaw"]
[Date "2012.07.06"]
[Round "5"]
[White "Knap, Jerzy"]
[Black "Kasianczuk, Krzysztof"]
[Result "1-0"]
[WhiteElo "1837"]
[BlackElo "1633"]
[PlyCount "33"]
[EventDate "2012.07.02"]
[EventType "swiss"]
[EventRounds "9"]
[EventCountry "POL"]
[SourceTitle "EXT 2013"]
[Source "ChessBase"]
[SourceDate "2012.11.22"]
[SourceVersion "1"]
[SourceVersionDate "2012.11.22"]
[SourceQuality "1"]

1. d4 d5 2. c4 Nc6 3. Nf3 Bg4 4. e3 Nf6 5. Nc3 e6 6. cxd5 exd5 7. Be2 Bb4 8. Bd2 0-0 9. 0-0 a6 10. Rc1 Ne4 11. Nxe4 dxe4 12. Ne1 Bxe2 13. Qxe2 Bxd2 14. Qxd2 Qg5 15. Rc5 f5 16. Qc2 Rf6 17. Qb3+ 1-0

[Event "Wroclaw Cup-A"]
[Site "Wroclaw"]
[Date "2012.05.06"]
[Round "9"]
[White "Knap, Jerzy"]
[Black "Praczukowski, Stanislaw"]
[Result "1/2-1/2"]
[WhiteElo "1853"]
[BlackElo "1757"]
[PlyCount "36"]
[EventDate "2012.04.30"]
[EventType "swiss"]
[EventRounds "9"]
[EventCountry "POL"]
[SourceTitle "EXT 2013"]
[Source "ChessBase"]
[SourceDate "2012.11.22"]
[SourceVersion "1"]
[SourceVersionDate "2012.11.22"]
[SourceQuality "1"]

1. d4 d5 2. c4 e6 3. Nc3 c6 4. e3 Nf6 5. Nf3 Nbd7 6. Bd3 dxc4 7. Bxc4 b5 8. Be2 Bb7 9. 0-0 Bd6 10. Qc2 0-0 11. e4 b4 12. Na4 e5 13. Nc5 Qc7 14. Nxb7 Qxb7 15. dxe5 Nxe5 16. Nxe5 Bxe5 17. Be3 Rfd8 18. Rad1 a5 1/2-1/2

[Event "Wroclaw Cup-A"]
[Site "Wroclaw"]
[Date "2012.04.30"]
[Round "1"]
[White "Szumilas, Piotr"]
[Black "Knap, Jerzy"]
[Result "1-0"]
[WhiteElo "2170"]
[BlackElo "1853"]
[PlyCount "99"]
[EventDate "2012.04.30"]
[EventType "swiss"]
[EventRounds "9"]
[EventCountry "POL"]
[SourceTitle "EXT 2013"]
[Source "ChessBase"]
[SourceDate "2012.11.22"]
[SourceVersion "1"]
[SourceVersionDate "2012.11.22"]
[SourceQuality "1"]

1. e4 c5 2. c3 d5 3. exd5 Qxd5 4. d4 Nf6 5. Nf3 e6 6. Na3 cxd4 7. Nb5 Na6 8. Nbxd4 Nc7 9. Bd3 Be7 10. Qe2 0-0 11. 0-0 Qd8 12. Bf4 Ncd5 13. Bg3 a6 14. Ne5 Bd6 15. Rad1 Qc7 16. Bc2 g6 17. Rfe1 Nh5 18. Ng4 Nxg3 19. hxg3 h5 20. Ne3 Nxe3 21. Qxe3 Kg7 22. Nxe6+ Bxe6 23. Qd4+ Kh7 24. Qxd6 Qxd6 25. Rxd6 Rad8 26. Rdd1 Rxd1 27. Rxd1 Rc8 28. a3 Kg7 29. Be4 Rc7 30. Kf1 Bc4+ 31. Ke1 Bb3 32. Rd4 Rd7 33. Kd2 Be6 34. c4 Rc7 35. Bd3 a5 36. b4 b6 37. Kc3 Ra7 38. b5 Rc7 39. Rd6 Rb7 40. Kd4 Kf6 41. c5 bxc5+ 42. Kxc5 Ke7 43. b6 Bd7 44. Be4 Rb8 45. b7 a4 46. Rd2 f5 47. Bf3 g5 48. Kb6 g4 49. Bd5 Kd8 50. Bc6 1-0

[Event "Rewal op-B 15th"]
[Site "Rewal"]
[Date "2010.08.21"]
[Round "3"]
[White "Knap, Jerzy"]
[Black "Faron, Rafal"]
[Result "1/2-1/2"]
[WhiteElo "1931"]
[BlackElo "1780"]
[PlyCount "44"]
[EventDate "2010.08.18"]
[EventType "swiss"]
[EventRounds "9"]
[EventCountry "POL"]
[SourceTitle "EXT 2014"]
[Source "ChessBase"]
[SourceDate "2013.11.20"]
[SourceVersion "1"]
[SourceVersionDate "2013.11.20"]
[SourceQuality "1"]

1. d4 Nf6 2. c4 g6 3. Nc3 Bg7 4. e4 d6 5. Nf3 0-0 6. Be2 e5 7. 0-0 Nc6 8. d5 Ne7 9. Ne1 Ne8 10. Nd3 f5 11. f3 f4 12. c5 g5 13. Bd2 h5 14. cxd6 cxd6 15. Nf2 Nf6 16. h3 Bd7 17. Rc1 Qb6 18. Qb3 Qxb3 19. axb3 a6 20. Na4 Bxa4 21. bxa4 Rfc8 22. Rxc8+ Rxc8 1/2-1/2

[Event "LSS CP-2008-P-00036"]
[Site "LSS email"]
[Date "2008.10.01"]
[Round "?"]
[White "Bidgood, Lee"]
[Black "Knap, Jerzy"]
[Result "0-1"]
[WhiteElo "1311"]
[BlackElo "2141"]
[PlyCount "70"]
[EventDate "2008.10.01"]
[EventType "tourn (corr)"]
[EventRounds "6"]
[EventCountry "GER"]
[SourceTitle "Corr 2013"]
[Source "ChessBase"]
[SourceDate "2012.11.12"]
[SourceVersion "1"]
[SourceVersionDate "2012.11.12"]
[SourceQuality "1"]
[WhiteTeam "US of America"]
[BlackTeam "US of America"]
[WhiteTeamCountry "USA"]
[BlackTeamCountry "USA"]

1. e4 c6 2. d4 d5 3. Nc3 dxe4 4. Nxe4 Bf5 5. Bd3 e6 6. Nf3 Nd7 7. Bf4 Ngf6 8. Qe2 Nxe4 9. Bxe4 Bxe4 10. Qxe4 Qa5+ 11. c3 Qa6 12. Qe2 Qxe2+ 13. Kxe2 Nb6 14. Rhd1 Be7 15. Kf1 0-0 16. Kg1 Rac8 17. Rac1 Rfd8 18. b4 Nc4 19. Rb1 f6 20. Re1 Kf7 21. a4 Rd7 22. h4 a5 23. bxa5 Ra8 24. g4 Rxa5 25. Ra1 Nb2 26. g5 Nd3 27. Re4 Rf5 28. a5 Nxf4 29. a6 bxa6 30. Rxa6 Nd5 31. Kg2 Nxc3 32. Re3 Nd5 33. Re4 Rf4 34. Re2 Rb7 35. Rxc6 Rb3 0-1

[Event "Rewal op-A 13th"]
[Site "Rewal"]
[Date "2008.08.29"]
[Round "9"]
[White "Nicolo, Filippo"]
[Black "Knap, Jerzy"]
[Result "1-0"]
[WhiteElo "2125"]
[BlackElo "1974"]
[PlyCount "87"]
[EventDate "2008.08.20"]
[EventType "swiss"]
[EventRounds "9"]
[EventCountry "POL"]
[SourceTitle "CBM 126 Extra"]
[Source "ChessBase"]
[SourceDate "2008.11.05"]
[SourceVersion "1"]
[SourceVersionDate "2008.11.05"]
[SourceQuality "1"]

1. e4 c6 2. d4 d5 3. exd5 cxd5 4. c4 Nf6 5. Nc3 e6 6. c5 Be7 7. Nf3 0-0 8. Qc2 b6 9. b4 a5 10. Na4 Nfd7 11. b5 bxc5 12. dxc5 Qc7 13. c6 Ne5 14. Bb2 Bb4+ 15. Nd2 Nbxc6 16. bxc6 Qxc6 17. Qxc6 Nxc6 18. Rc1 Ne7 19. Nb6 Rb8 20. Nxc8 Rfxc8 21. Rxc8+ Nxc8 22. Be5 Rb6 23. Bd3 f6 24. Bd4 Rc6 25. Ke2 e5 26. Bb2 e4 27. Bb1 Nd6 28. Rc1 Rxc1 29. Bxc1 Kf7 30. Nb3 a4 31. Nd4 Bc5 32. Be3 Bxd4 33. Bxd4 g6 34. Bc2 a3 35. Bc5 Nc4 36. Bb3 Ke6 37. Bxc4 dxc4 38. Bxa3 Kd5 39. Kd2 f5 40. Bf8 h5 41. Kc3 f4 42. Bh6 Ke5 43. Kxc4 Kf5 44. Kd4 1-0

[Event "Rewal op-A 13th"]
[Site "Rewal"]
[Date "2008.08.25"]
[Round "5"]
[White "Siwiec, Arkadiusz"]
[Black "Knap, Jerzy"]
[Result "1-0"]
[WhiteElo "2096"]
[BlackElo "1974"]
[PlyCount "119"]
[EventDate "2008.08.20"]
[EventType "swiss"]
[EventRounds "9"]
[EventCountry "POL"]
[SourceTitle "CBM 126 Extra"]
[Source "ChessBase"]
[SourceDate "2008.11.05"]
[SourceVersion "1"]
[SourceVersionDate "2008.11.05"]
[SourceQuality "1"]

1. e4 c6 2. d4 d5 3. Nc3 dxe4 4. Nxe4 Nf6 5. Nxf6+ exf6 6. Bc4 Bd6 7. Ne2 Nd7 8. 0-0 0-0 9. Ng3 Nb6 10. Bd3 Nd5 11. Ne4 Nf4 12. Nxd6 Qxd6 13. Be4 Ng6 14. Qd3 Be6 15. c4 Rfe8 16. b3 Rad8 17. Be3 Bc8 18. Qc2 Qe6 19. Bd3 Qg4 20. Be2 Qf5 21. Bd3 Qg4 22. Be2 Qf5 23. Qxf5 Bxf5 24. Rfd1 Nf8 25. Bf3 Bc8 26. h4 Ng6 27. g3 h6 28. Rd2 Ne7 29. Rad1 Nf5 30. Bf4 g5 31. hxg5 hxg5 32. Bb8 a6 33. Bc7 Rd7 34. Bb6 Rde7 35. Kh2 Nh6 36. d5 cxd5 37. cxd5 Bg4 38. Bxg4 Nxg4+ 39. Kg2 Rd7 40. Rc1 Ne5 41. Rc7 Red8 42. Rxd7 Rxd7 43. d6 g4 44. Bc7 Nc6 45. Rc2 Nd4 46. Rc4 Nb5 47. Bb8 Rd8 48. a4 Nxd6 49. Rxg4+ Kf8 50. Rd4 Rxb8 51. Rxd6 Ke7 52. Rb6 f5 53. Kf3 Kd7 54. Kf4 Kc7 55. Rf6 Rd8 56. Rxf7+ Kb8 57. Kxf5 Rd3 58. g4 Rxb3 59. g5 b5 60. g6 1-0